| 000 | 00946nmc a2200361 a 4500 | ||
|---|---|---|---|
| 003 | AR-BaBNM | ||
| 005 | 20251128203944.0 | ||
| 008 | 155019s1981 ||||||||||||||000 | spa|| | ||
| 020 | _a84-7046-175-3 | ||
| 040 | _cAR-BaBNM | ||
| 100 | 1 | _aVelázquez Cueto, Gerardo | |
| 245 | 1 | 0 | _aGanivet, Unamuno, Azorín, Maeztu |
| 260 |
_aMadrid _bCincel _c1981 |
||
| 300 | _a80 p. | ||
| 490 | 0 | _aCuadernos de estudio. Literatura | |
| 500 | _aContiene índice de las materias | ||
| 504 | _aBibliografía | ||
| 600 | 1 | 4 | _aUnamuno, Miguel de |
| 600 | 0 | 4 | _aAzorín |
| 600 | 1 | 4 | _aMaetzu, Ramiro de |
| 650 | 4 | _aLITERATURA ESPANOLA | |
| 650 | 4 | _aHUMANISMO | |
| 650 | 4 | _aMISTICISMO | |
| 650 | 4 | _aCRITICA LITERARIA | |
| 650 | 4 | _aCULTURA | |
| 650 | 4 | _aHUMANIDADES | |
| 653 | _aESTILISTICA | ||
| 655 | _aLITERATURA | ||
| 800 | 1 |
_aMarín, Marcos F. _ecoordinador |
|
| 800 | 1 |
_aBasanta, Angel _ecoordinador |
|
| 942 | _cBK | ||
| 998 | _cCarmen | ||
| 999 |
_c5607 _d5607 |
||